MARC

LEADER 00000nab a2200000 a 4500
001 vtls000030805
003 SK-MaSNL
005 20260304181845.0
008 111103c1979 xo 0 slo
015 |a SNBRB19rr/mm-uuuuu 
035 |a CL0040899 
040 |a SNKBUCL  |b slo  |c SNKBUCL  |e AACR2 
041 0 |a slo 
044 |a xo  |c SK 
080 |a 885.4-1  |2 1981 
100 1 |a Križanová-Brindzová, Helena,  |d 1922-1990  |4 aut  |9 87463 
245 1 0 |a Slavín  |c Helena Križanová 
610 2 7 |a Slavín (Bratislava, Slovensko : pamätník)  |2 snkbucl  |9 56297 
655 7 |a články z novín a časopisov  |2 snkbucl  |9 267496 
655 7 |a články z odboru literárna veda a krásna literatúra  |2 snkbucl  |9 770045 
655 7 |a slovenská poézia  |2 snkbucl  |9 70444 
773 0 |t Bratislava  |g Roč. 6, č. 1 (1979), s. 7 
850 |a Slovenská národná knižnica 
852 |a Slovenská národná knižnica 
958 |a RK 
958 |a LX 
992 |a RBX 
999 |c 3026542  |d 3028472